| 000 | 02353nam0a2200373 4500 | ||
|---|---|---|---|
| 001 | RU\NLR\BIBL_A\012748423 | ||
| 005 | 20250624141933.0 | ||
| 020 |
_aRU _9Сводный каталог листовок первых лет Советской власти (25 октября (7 ноября) 1917 - 1925) |
||
| 035 | _a(NLR Aleph) 012748423 | ||
| 090 |
_a13024320 _c13024320 |
||
| 100 | _a20220401d1921 |||y0rusy50 ca | ||
| 101 | 0 | _arus | |
| 102 | _aRU | ||
| 105 | _ay z 000zy | ||
| 135 | _acrcn 024anaba | ||
| 200 | 1 |
_aК работникам по санитарному просвещению и ко всему медперсоналу. "Товарищи! Мы вступили в новую фазу... творческой работы, строительства здоровой и светлой жизни..." _e[листовка] |
|
| 210 |
_a[Ташкент] _cТуркестан. гос. изд. _d1921 |
||
| 215 |
_a1 с. в 3 стб. _d58x37 |
||
| 325 | _aКопия доступна в Электрон. б-ке РНБ | ||
| 327 | 1 | _aОбращение и резолюция Первого Туркестанского фронтового съезда работников санитарного просвещения | |
| 517 | 1 | _aМы вступили в новую фазу... творческой работы, строительства здоровой и светлой жизни... | |
| 540 | 1 | _aОбращение и резолюция Первого Туркестанского фронтового съезда работников санитарного просвещения | |
| 607 |
_aТуркестан _jЛистовки _xПолитика и управление _92527983 _3RU\NLR\AUTH\661497569 |
||
| 686 | 1 | _aТ3(257)71-3,011 | |
| 711 | 0 | 2 |
_aТуркестанский фронт _bСъезд работников санитарного просвещения _c1918-1926 _d1 _eТашкент _f1921 _9793197 _3RU\NLR\AUTH\880563050 |
| 852 | 0 | 0 |
_aNLR _bФЛ _j64/178 |
| 942 | _cBOOK | ||
| 980 | _aNB | ||
| 981 | 2 | 1 |
_a(21) Листовки _b(21) Листовки 1921 года |